| 000 | 01156nam a22003497a 4500 | ||
|---|---|---|---|
| 001 | BR7804527 | ||
| 003 | BR-BrBNA | ||
| 005 | 20230928085651.0 | ||
| 007 | ta | ||
| 008 | 230509b bl.||||| |||| 00| 0 por d | ||
| 040 |
_aBR-BrBNA _bpor _cBiblioteca Nacional de Agricultura |
||
| 041 | _a(Por) | ||
| 072 |
_aF30; F00 _b0210 _b/G514 |
||
| 090 | _ 0210 BR7804527 | ||
| 100 | 1 | _aCouto, F.A. de A. | |
| 100 | 1 | _aBoock, O.J. | |
| 100 | 1 | _aFedalto, A.A. (Coord.) | |
| 110 | 1 |
_aUnidade de Execucao de Pesquisa de Ambito Estadual de Brasilia, DF (Brasil) _910355 |
|
| 245 | 1 | _aEnsaios nacionais de cultivares de batata (Solanum tuberosum L.). Comportamento de cultivares procedentes da Holanda, Alemanha, Suecia e Escocia, 2. Plantio-Verao 1977/78 [Brasil] | |
| 260 | 3 |
_aBrasilia, DF (Brasil): _c1978. |
|
| 300 | _a20 p. | ||
| 500 | _a8 illus.; 21 ref.; Summary (Por) | ||
| 650 | _aMelhoramento genetico vegetal | ||
| 650 | _aProducao vegetal | ||
| 650 | _aBatata | ||
| 650 | _aComportamento de variedade | ||
| 650 | _aPlantio | ||
| 650 | _aPratica cultural | ||
| 650 | _aRendimento | ||
| 909 |
_a202309 _bLucia _c55 _dLucia Elande |
||
| 942 | _cBK | ||
| 999 |
_c25676 _d25676 |
||